000 00377nam a2200145Ia 4500
008 151213s9999 xx 000 0 und d
100 _aPatric Didckinson
245 _aKristopher Plays - II
_cPatric Didckinson
260 _aLondon
_bOxford University Press
_c1970
300 _a4646 p.
650 _aEnglish
650 _aPlays
700 _aPatric Didckinson
999 _c2993
_d2993